000 00677cam a22001934a 4500
005 20250605164207.0
008 250528s ||||||||||||||||||||||||d
035 _a20074
040 _aGR-AtMCL
_bgre
_dGR-AtMCL
_eAACR2
245 1 _aL'Arbitrato / Diritto Interno Convenzioni Internazionali
260 _c1993
300 _a722
520 _aRilievi Introduttivi: Una Panoramica Sistematica del' Arbitrato, Capitolo Primo - L'Arbitrato Nella Realta Contemporanea: Orientamenti e Prospettive di Sviluppo, Capitolo Secondo L'Arbitrato a Norma.
700 1 _aBernini Giorgio
_96128
700 1 _aEditrice Bologna
_96129
942 _cBK
999 _c5221
_d5221